Quiz o Czarnobylu (Kolega Ignacy) - Statystyki

Ogólne statystyki
  • Ten quiz został rozwiązany 476 razy
  • Średni wynik to 6 z 15
Statystyki odpowiedzi
Pytanie Odpowiedź % Poprawnych
Data awarii (rok) 1986
97%
Jak nazywało się miasto oddalone o 4 km od elektrowni Prypeć
92%
Reaktor, w którym doszło do awarii 4
87%
Jaka była średnia wieku mieszkańca Prypeci 26
85%
Jacy ludzie jako pierwsi przybyli na miejsce zdarzenia strażacy
77%
Data awarii (dzień) 26 kwietnia
42%
Jak potocznie nazywa się Czarnobylska Strefa Wykluczenia Zona
35%
Jak nazwano ludzi, którzy brali udział w usuwaniu skutków awarii likwidatorzy
33%
Jaka jest oficjalna liczba ofiar katastrofy w Czarnobylu 31
32%
Kto był pierwszą ofiarą katastrofy (nazwisko) Chodemczuk
18%
Kto był dyrektorem elektrowni (nazwisko, trudne) Briuchanow
15%
Kogo obarczono winą na procesie (3 ludzi, nazwiska) Diatłow, Fomin, Briuchanow
7%
Jak nazywał się strażak przedstawiony w serialu Czarnobyl Wasilij Ignatenko
4%
Jak nazywali się nurkowie, którzy uchronili świat przed 3 eksplozją (nazwiska) Ananenko, Bezpałow, Baranow
2%
Kto był naczelnikiem jednostki z Prypeci (trudne) Wiktor Kibeonk
1%
Nie znaleziono quizów pasujących do podanych kryteriów
Rozkład punktacji
Procent ludzi z każdym wynikiem
Percentyl według liczby udzielonych odpowiedzi
Twoja historia wyników
Nie rozwiązałeś tego quizu